Лучшие практики работы по основным направлениям реализации государственной молодежной политики на муниципальном уровне (Запись № 10832133)

Подробности
000 -МАРКЕР
контрольное поле 01711nam0a2200325 4500
001 - ИДЕНТИФИКАТОР ЗАПИСИ
контрольное поле RU\NLR\BIBL_A\011589850
005 - ИДЕНТИФИКАТОР ВЕРСИИ
контрольное поле 20260407231412.0
010 ## - МЕЖДУНАРОДНЫЙ СТАНДАРТНЫЙ НОМЕР КНИГИ (ISBN)
Номер (ISBN) 9785990740365
Тираж 250
021 ## - НОМЕР ГОСУДАРСТВЕННОЙ РЕГИСТРАЦИИ
Код страны Российская Федерация
Номер 2017-94946
Номер Листа государственной регистраци 6815
035 ## - ДРУГИЕ СИСТЕМНЫЕ НОМЕРА
Идентификатор записи (RuMoRGB)009481650
035 ## - ДРУГИЕ СИСТЕМНЫЕ НОМЕРА
Идентификатор записи (NLR Aleph) 011589850
100 ## - ДАННЫЕ ОБЩЕЙ ОБРАБОТКИ
Данные общей обработки 20180111d2017 k y0rusy50 ca
101 0# - ЯЗЫК РЕСУРСА
Язык текста, звукозаписи и т.д. русский
102 ## - СТРАНА ПУБЛИКАЦИИ ИЛИ ПРОИЗВОДСТВА
Страна публикации Российская Федерация
105 ## - ПОЛЕ КОДИРОВАННЫХ ДАННЫХ: ТЕКСТОВЫЕ МАТЕРИАЛЫ, МОНОГРАФИЧЕСКИЕ
Кодированные данные о монографическом текстовом документе a z 000zy
200 1# - ЗАГЛАВИЕ И СВЕДЕНИЯ ОБ ОТВЕТСТВЕННОСТИ
Основное заглавие Лучшие практики работы по основным направлениям реализации государственной молодежной политики на муниципальном уровне
Сведения, относящиеся к заглавию сборник статей
Первые сведения об ответственности Управление по делам семьи и молодежи администрации города Ноябрьска
Последующие сведения об ответственности [ответственный редактор: Кириллова Оксана Анатольевна, кандидат филологических нау]
210 ## - ПУБЛИКАЦИЯ, РАСПРОСТРАНЕНИЕ И ДР.
Место издания, распространения и т.д. Ноябрьск
Имя издателя, распространителя и т. д. Альфа-СТАМП
Дата издания, распространения и т.д. 2017
215 ## - ФИЗИЧЕСКАЯ ХАРАКТЕРИСТИКА
Специфическое обозначение материала и объем 199 с.
Другие сведения о физической характеристике ил., табл.
Размеры 21
300 ## - ОБЩИЕ ПРИМЕЧАНИЯ
Текст примечания На обл. .: 25 лет с молодежью УДСМ
320 ## - ПРИМЕЧАНИЯ О НАЛИЧИИ В ДОКУМЕНТЕ БИБЛИОГРАФИИ / УКАЗАТЕЛЯ
Текст примечания Библиогр. в конце ст.
606 ## - НАИМЕНОВАНИЕ ТЕМЫ КАК ПРЕДМЕТ
Наименование темы Молодежная политика
Формальный подзаголовок Сборники
Тематический подзаголовок Социальный аспект
Системный номер авторитетной/нормативной записи 2239466
Идентификатор авторитетной/нормативной записи RU\NLR\AUTH\6601575391
686 1# - ИНДЕКСЫ ДРУГИХ КЛАССИФИКАЦИЙ
Индекс С550.325.1я43
702 #1 - ИМЯ ЛИЦА - ВТОРИЧНАЯ ОТВЕТСТВЕННОСТЬ
Начальный элемент ввода Кириллова
Часть имени, кроме начального элемента ввода О.А.
Расширение инициалов личного имени Оксана Анатольевна
Код отношения Редактор
712 01 - НАИМЕНОВАНИЕ ОРГАНИЗАЦИИ - ВТОРИЧНАЯ ОТВЕТСТВЕННОСТЬ
Код отношения Прочие
Начальный элемент ввода Ноябрьск
Структурное подразделение Управление по делам семьи и молодежи
Идентификатор авторитетной/нормативной записи RU\NLR\AUTH\8810156796
Системный номер авторитетной/нормативной записи 809001
942 ## - ДОПОЛНИТЕЛЬНЫЕ ЭЛЕМЕНТЫ ЗАПИСИ (АБИС)
Тип экземпляра АБИС Книга
980 ## - КОЛЛЕКЦИЯ
Название коллекции НБР

Нет доступных экземпляров.